Najtrudniejsze Stolice Świata - Statystyki

Ogólne statystyki
  • Ten quiz został rozwiązany 61 razy
  • Średni wynik to 31 z 78
Statystyki odpowiedzi
Hint Odpowiedź % Poprawnych
Angola Luanda
81%
Armenia Erywań
67%
Bahamy Nassau
57%
Kosowo Prisztina
57%
Belize Belmopan
56%
Botswana Gaborone
56%
Jemen Sana
56%
Dominikana Santo Domingo
56%
Bhutan Thimphu
56%
Gwatemala Gwatemala
54%
Gwinea Bissau Bissau
52%
Bahrajn Manama
52%
Czad Ndżamena
52%
Burkina Faso Wagadugu
52%
Erytrea Asmara
50%
Kirgistan Biszkek
50%
Dżibuti Dżibuti
50%
Gujana Georgetown
48%
Benin Porto-Novo
48%
Brunei Bandar Seri Begawan
46%
Oman Maskat
46%
Fidżi Suva
46%
Honduras Tegucigalpa
46%
Barbados Bridgetown
44%
Timor Wschodni Dili
44%
Laos Wientian
44%
Gambia Bandżul
43%
Tadżykistan Duszanbe
43%
Gwinea Konakry
43%
Gabon Libreville
43%
Kostaryka San Jose
43%
Sri Lanka Sri Dźajawardanapura Kotte
43%
Sierra Leone Freetown
41%
Haiti Port-au-Prince
41%
Wyspy Świętego Tomasza i Książęca Sao Tome
41%
Uzbekistan Taszkent
41%
Turkmenistan Aszchabad
39%
Sudan Południowy Dżuba
39%
Zimbabwe Harare
39%
Uganda Kampala
39%
Gwinea Równikowa Malabo
39%
Surinam Paramaribo
39%
Papua-Nowa Gwinea Port Moresby
39%
Antigua i Barbuda Saint John's
39%
Malawi Lilongwe
37%
Togo Lome
37%
Zambia Lusaka
37%
Nikaragua Managua
37%
Liberia Monrovia
37%
Komory Moroni
37%
Mjanma Naypyidaw
37%
Trynidad i Tobago Port-of-Spain
37%
Dominika Roseau
37%
Seszele Victoria
37%
Republika Środkowoafrykańska Bangi
35%
Tanzania Dodoma
35%
Wybrzeże Kości Słoniowej Jamusukro
35%
Lesotho Maseru
35%
Mauretania Nawakszut
35%
Namibia Windhuk
35%
Eswatini Mbabane
33%
Republika Zielonego Przylądka Praia
33%
Mauritius Port Louis
31%
Samoa Apia
30%
Wyspy Salomona Honiara
28%
Vanuatu Port Vila
28%
Tonga Nuku'alofa
26%
Grenada Saint George's
26%
Mikronezja Palikir
24%
Saint Kitts i Nevis Basseterre
22%
Saint Lucia Castries
22%
Palau Ngerulmud
22%
Nauru Yaren
22%
Burundi Bużumbura
20%
Saint Vincent i Grenadyny Kingstown
20%
Wyspy Marshalla Majuro
20%
Kiribati Bairiki
15%
Tuvalu Vaiaku
7%
Nie znaleziono quizów pasujących do podanych kryteriów
Rozkład punktacji
Procent ludzi z każdym wynikiem
Percentyl według liczby udzielonych odpowiedzi
Twoja historia wyników
Nie rozwiązałeś tego quizu